Cargando...

Tennysons background to genuis /

Detalles Bibliográficos
Autor principal: Tennyson, Charles
Formato: Printed Book
Lenguaje:English
Publicado: Macmillan, 1974.
LEADER 00382nam a2200121Ia 4500
008 150624b xxu||||| |||| 00| 0 eng d
100 |a Tennyson, Charles 
245 |a Tennysons background to genuis /  |c Charles Tennyson 
260 |b Macmillan,  |c 1974. 
300 |a 220 p. 
942 |c BK 
999 |c 23956  |d 23956 
952 |0 1  |1 0  |4 0  |7 0  |9 23955  |a UL  |b UL  |c ST1  |d 1998-08-27  |l 0  |p 35061  |r 2012-10-27  |w 2012-10-27  |y BK